Missing Word: FOX Shows (1980s) Quiz Stats

 Plays Quiz Updated Oct 14, 2016

Challenge
Share
Tweet
Embed
Score 0/14 Timer 02:00
0 Plays Today
Television Series Missing Word % Correct
America's Most _____Wanted
97.1%
_____...with ChildrenMarried
94.5%
_____ Will Be BoysBoys
93.3%
_____ Jump Street21
93.1%
The _____ Ullman ShowTracey
67.3%
The New _____ of Beans BaxterAdventures
27.6%
It's Garry _____ ShowShandling's
24.9%
Television Series Missing Word % Correct
_____ PresidentMr.
24.6%
Alien _____Nation
22.6%
Open _____House
14.7%
_____wolfWere
13.3%
_____ in PrisonWomen
12.2%
Totally _____ VideoHidden
11.6%
_____ Strip LiveComic
11%

Today's Daily Dose

You're not logged in!

Compare scores with friends on all Sporcle quizzes.
OR
Log In

You Might Also Like...

Show Comments

Extras

Top Quizzes Today


Score Distribution

Your Account Isn't Verified!

In order to create a playlist on Sporcle, you need to verify the email address you used during registration. Go to your Sporcle Settings to finish the process.

Report this User

Report this user for behavior that violates our Community Guidelines.

Details: